000
00189 a2200097 4500
020
_a
9780590481328
041
_a
spa
100
_a
Bishop, Gavin
245
_a
Los tres cerditos
942
_c
BK
999
_c
16360
_d
16360